1046 1444 1348 1514 1515 1305 1611 1073 1364 1567 1179 1295 1905 1726 1768 1247 1069 1320 1223 1964 1586 1448 1051 1541 1793 1114 1164 1474 1493 1179 1191 1074 1118 1678 1229 1080 1912 1011 1049 1379 1660 1814 1903 1893 1488 1656 1499 1940 1125 1959 1259 1169 1567 1133 1733 1458 1004 1217 1560 1303 1182 1726 1690 1298 1282 1169 1296 1712 1520 1480 1356 1646 1210 1268 1973 1817 1530 1836 1208 1033 1391 1031 1542 1552 1587 1315 1970 1304 1823 1950 1143 1950 1309 1892 1919 1007 1128 1998 1782 BCNSPRNW ULIB Ver.6.0+V

เปลี่ยนเป็นภาษาไทย

Change to English
 แสดงรายละเอียดบรรณานุกรม
  กลับหน้าหลัก

Brief Record : Get Marc (ISO 2709) : E-mail record : QR code < ปิดหน้าต่าง
LEADER : 00000nam 2200000uu 4500
001    13399111927
003     ULIB
008    110627s2552||||th 000 0 tha d
020    9786165000222
090    นว.^bอ967พ 2552
100 0  ไอศิยา
245 00 เพียงใจภักดิ์/^cไอศิยา
250    พิมพ์ครั้งที่ 1
260    กรุงเทพฯ :^bพิมพ์คำ,^c2552
300    328 หน้า
710 1  พิมพ์คำ
945    ^p220^l0^i028058
995    ทศพร
999 ^a ใช้งานได้ทุกระบบ
รายการนี้ยังไม่มีแท็ก
คุณยังไม่ได้ล็อกอิน คุณสามารถมีกิจกรรมร่วมกับเว็บไซต์ได้ แต่ต้องล็อกอินก่อน ::
  ล็อกอิน

รายการสื่อสารสนเทศ

ลำดับที่ ประเภท เลขเรียก/บาร์โค้ด สถานที่ สถานะ
- ไม่พบข้อมูล -

รายการใกล้เคียง
    ผู้แต่ง [ไอศิยา]

BibComment


ยังไม่เคยถูกคอมเมนท์

คอมเมนท์ทรัพยากรรายการนี้
  คอมเมนท์: เพียงใจภักดิ์ ไอศ..


 Copyright 2026. Bcnsprnw @Library